Vista normal
Vista MARC
Entrada Topical Term
Número de registros utilizados en: 1
001 - CONTROL NUMBER
- control field: 7769
003 - CONTROL NUMBER IDENTIFIER
- control field: OSt
005 - DATE AND TIME OF LATEST TRANSACTION
- control field: 20200723231508.0
008 - FIXED-LENGTH DATA ELEMENTS
- fixed length control field: 200723|| aca||aabn | a|a d
040 ## - CATALOGING SOURCE
- Original cataloging agency: OSt
- Transcribing agency: OSt
150 ## - HEADING--TOPICAL TERM
- Topical term or geographic name entry element: Desarrollo industrial
- Chronological subdivision: Siglos XIX-XX
- Geographic subdivision: Colombia
670 ## - SOURCE DATA FOUND
- Source citation: Work cat.: (OSt)3697: Ospina Vásquez, Luis, autor 7767, Industria y protección en Colombia, 1810-1930 / , 1974